| 000 | 00775nam a2200229Ia 4500 | ||
|---|---|---|---|
| 001 | L180-1672 | ||
| 003 | IT-CnALBA | ||
| 008 | 170116s9999||||xx |||||||||||||| ||und|| | ||
| 040 |
_aIT-CnALBA _cIT-CnALBA |
||
| 041 | _aITALIANO | ||
| 100 | _aANTONINO MARCO AURELIO | ||
| 245 | 0 | _aRICORDI (I). | |
| 250 | _a1a ed. | ||
| 260 |
_a TO BO CT PA _bSOCIETÀ ED. INTER. _c1954 [1° Ed.: n.d.] |
||
| 300 | _a206 p. (prefazione: 7) | ||
| 500 | _aINTRODUZIONE TRADUZIONE NOTE DI MORICCA UMBERTO. | ||
| 501 | _aSocietà San Paolo EM - Piazza San Paolo, 14 - 12051 ALBA (CN) (non commercial uses only) ® Copyright 2017 | ||
| 520 | _aINTRODUZIONE TRADUZIONE NOTE DI MORICCA UMBERTO. | ||
| 650 | _aFILOSOFIA ANTICA MEDIOEVALE ORIENTALE | ||
| 942 | _cBK | ||
| 957 | _71 | ||
| 999 |
_a2659 _bNO _g Copie: 1 _c260896 _d260896 |
||